Bands from London - Statistics

General Stats
  • This quiz has been taken 372 times
    258 since last reset
  • The average score is 32 of 150
Answer Stats
Song Band name % Correct
Bohemian Rhapsody Queen
91%
Paint It, Black The Rolling Stones
85%
Every Breath You Take The Police
82%
Another Brick in the Wall Pink Floyd
80%
Anarchy in the UK Sex Pistols
80%
Stairway to Heaven Led Zeppelin
79%
Should I Stay or Should I Go The Clash
78%
Viva La Vida Coldplay
76%
Wannabe Spice Girls
70%
Baba O'Riley The Who
69%
Song 2 Blur
68%
Karma Chameleon Culture Club
68%
Smoke on the Water Deep Purple
67%
Sweet Dreams Eurythmics
65%
You Really Got Me The Kinks
65%
West End Girls Pet Shop Boys
60%
Ace of Spades Motörhead
59%
Go Your Own Way Fleetwood Mac
56%
Feel Good Inc. Gorillaz
55%
Sunshine of Your Love Cream
54%
All Along the Watchtower The Jimi Hendrix Experience
54%
Our House Madness
51%
Smooth Operator Sade
51%
Run to the Hills Iron Maiden
50%
This Is the Day The The
49%
Owner of a Lonely Heart Yes
47%
Fairytale of New York The Pogues
46%
Breakfast in America Supertramp
42%
Do Wah Diddy Diddy Manfred Mann
41%
Blinded by the Light Manfred Mann's Earth Band
41%
Pompeii Bastille
39%
A Whiter Shade of Pale Procol Harum
39%
What Makes You Beautiful One Direction
38%
Get It On T. Rex
37%
Dog Days Are Over Florence + the Machine
34%
Stand and Deliver Adam and the Ants
33%
Rockin' All Over the World Status Quo
32%
True Spandau Ballet
31%
Here I Go Again Whitesnake
31%
Glycerine Bush
26%
Virtual Insanity Jamiroquai
26%
All Rise Blue
25%
A Little Respect Erasure
25%
Shout Out to My Ex Little Mix
25%
Hold Me Now Thompson Twins
25%
I Want Candy Bow Wow Wow
24%
Smalltown Boy Bronski Beat
24%
Year 3000 Busted
23%
Tiger Feet Mud
23%
I'll Stand By You Pretenders
23%
Slow Ride Foghat
22%
I Will Wait Mumford and Sons
22%
Dancing with Tears in My Eyes Ultravox
22%
Feel Like Makin' Love Bad Company
21%
Itchycoo Park Small Faces
21%
Fox on the Run Sweet
21%
Born Slippy Underworld
20%
Fade to Grey Visage
20%
21st Century Schizoid Man King Crimson
19%
Pure Shores All Saints
18%
I'd Like to Teach the World to Sing The New Seekers
18%
Ooh La La Faces
17%
All About You McFly
17%
Every You Every Me Placebo
17%
Beautiful Ones Suede
17%
It's My Life Talk Talk
17%
Apache The Shadows
17%
Eye in the Sky Alan Parsons Project
16%
Hong Kong Garden Siouxsie and the Banshees
16%
The King of Wishful Thinking Go West
15%
Silver Machine Hawkwind
15%
Tempted Squeeze
15%
Glad All Over The Dave Clark Five
15%
Through the Fire and Flames DragonForce
13%
America Razorlight
13%
Can't Stand Me Now The Libertines
13%
Glad You Came The Wanted
13%
Heart Full of Soul The Yardbirds
13%
Living on the Ceiling Blancmange
12%
Banquet Bloc Party
12%
Keep On Movin' Five
12%
One Thing Leads to Another The Fixx
12%
Love My Way The Psychedelic Furs
10%
About You Now Sugababes
9%
Neat Neat Neat The Damned
9%
Wires Athlete
8%
She's So Lovely Scouting For Girls
8%
Goodbye Mr A The Hoosiers
8%
Doctor Doctor UFO
8%
Part of the Union Strawbs
7%
Fill My Little World The Feeling
7%
Woke Up This Morning Alabama 3
6%
Ooh La La Goldfrapp
6%
Golden Skans Klaxons
6%
5 Years Time Noah and the Whale
6%
Hedonism Skunk Anansie
6%
Connected Stereo MC's
6%
Love Like Blood Killing Joke
5%
Only Love Can Break Your Heart Saint Etienne
5%
Slight Return The Bluetones
5%
Toothpaste Kisses The Maccabees
5%
Don't Delete the Kisses Wolf Alice
5%
Always Like This Bombay Bicycle Club
4%
Superstylin' Groove Armada
4%
Quiet Life Japan
4%
If You Wanna The Vaccines
4%
Intro The xx
4%
Farewell to the Fairground White Lies
4%
Good Luck Basement Jaxx
3%
Blind Faith Chase and Status
3%
Bang Bang You're Dead Dirty Pretty Things
3%
Ready for the Floor Hot Chip
3%
The Sea Morcheeba
3%
Black Heart Stooshe
3%
King Years and Years
3%
In the Waiting Line Zero 7
3%
Everlasting Love Love Affair
2%
Ladykillers Lush
2%
Never Forget You Noisettes
2%
Rise Public Image Ltd.
2%
These Days Rudimental
2%
Don't Call Me Baby Voice of the Beehive
2%
We're All We Need Above and Beyond
1%
You Know You Like It AlunaGeorge
1%
Daniel Bat For Lashes
1%
A Summer Song Chad and Jeremy
1%
Youth Daughter
1%
Default Django Django
1%
Cockroach King Haken
1%
Strong London Grammar
1%
Young Love Mystery Jets
1%
Promises NERO
1%
French Disko Stereolab
1%
Dominoes The Big Pink
1%
Forever Lost The Magic Numbers
1%
Mannequin Wire
1%
Bullets Archive
0%
Love Is All I Got Crystal Fighters
0%
Superstar Four of Diamonds
0%
Sunlight Modestep
0%
Marilyn Mount Kimbie
0%
Drive Oh Wonder
0%
Go! Public Service Broadcasting
0%
Adore Savages
0%
Sunday Morning The Bolshoi
0%
All Night The Vamps
0%
Too Easy The Wiseguys
0%
Lonely Soul UNKLE
0%
Lady in Black Uriah Heap
0%
Bulletproof Young Guns
0%
No matching quizzes found
Score Distribution
Percent of People with Each Score
Percentile by Number Answered
Your Score History
You have not taken this quiz since the last reset